000 00748nam a2200229 a 4500
001 ASIN1845118022
003 NUST
005 20211202153455.0
008 131211s2008 xxu eng d
020 _a1845118022 (paperback)
020 _a9781845118020 (paperback)
038 _aMSOHAIL
040 _a0
_cDLC
082 _a954.91053
_bZAH
100 1 _aHussain, Zahid.
_927181
245 1 0 _aFrontline pakistan :
_bthe path to catastrophe and the killing of benazir bhutto /
_cZahid Hussain.
260 _a[S.l.] :
_bI B Tauris & Co Ltd,
_c2010
300 _a202 v. (unpaged) ;
_c24 cm.
520 _aBook by Zahid Hussain.
856 4 0 _3Amazon.com
_uhttp://www.amazon.com/exec/obidos/ASIN/1845118022/chopaconline-20
942 _2ddc
_cBK
999 _c533343
_d533343